<?xml version="1.0" encoding="UTF-8"?>
<collection xmlns="http://www.loc.gov/MARC21/slim">
<record>
  <controlfield tag="001">165832</controlfield>
  <controlfield tag="005">20260115140311.0</controlfield>
  <datafield tag="024" ind1="7" ind2=" ">
    <subfield code="2">doi</subfield>
    <subfield code="a">10.1109/TPEL.2012.2206405</subfield>
  </datafield>
  <datafield tag="024" ind1="8" ind2=" ">
    <subfield code="2">sideral</subfield>
    <subfield code="a">76919</subfield>
  </datafield>
  <datafield tag="037" ind1=" " ind2=" ">
    <subfield code="a">ART-2013-76919</subfield>
  </datafield>
  <datafield tag="041" ind1=" " ind2=" ">
    <subfield code="a">eng</subfield>
  </datafield>
  <datafield tag="100" ind1=" " ind2=" ">
    <subfield code="a">Sarnago, Hector</subfield>
    <subfield code="0">(orcid)0000-0001-8399-4650</subfield>
  </datafield>
  <datafield tag="245" ind1=" " ind2=" ">
    <subfield code="a">Class-D/DE dual-mode-operation resonant converter for improved-efficiency domestic induction heating system</subfield>
  </datafield>
  <datafield tag="260" ind1=" " ind2=" ">
    <subfield code="c">2013</subfield>
  </datafield>
  <datafield tag="520" ind1="3" ind2=" ">
    <subfield code="a">Induction heating (IH) technology is nowadays widely present in domestic appliances because of its cleanness, high efficiency,
and faster heating process. All of these advantages are due to its heating process, where the pot is directly heated by the induced currents generatedwith a varyingmagnetic field.As a result, the glass where the pot is supported is not directly heated and, consequently, efficiency and heating times are improved. IH systems are based on dc-link inverters to generate the required alternating current to feed the inductor. Usually, resonant converters are used to achieve higher efficiencies and power densities. In such systems, themaximum output power and efficiency are achieved at the resonant frequency, and the switching frequency is increased to reduce the output power. As a consequence, in these converters, the efficiency is also reduced in the low-medium output power range. This paper proposes the use of the half-bridge inverter in two operating modes to achieve higher efficiency in a wide output power range. The power converter topology can be reconfigured by changing the resonant capacitors through electromechanical relays. As a consequence, the entire efficiency of the cooking process is improved with a cost-effective procedure.</subfield>
  </datafield>
  <datafield tag="506" ind1="0" ind2=" ">
    <subfield code="a">Access copy available to the general public</subfield>
    <subfield code="f">Unrestricted</subfield>
  </datafield>
  <datafield tag="540" ind1=" " ind2=" ">
    <subfield code="9">info:eu-repo/semantics/openAccess</subfield>
    <subfield code="a">All rights reserved</subfield>
    <subfield code="u">http://www.europeana.eu/rights/rr-f/</subfield>
  </datafield>
  <datafield tag="590" ind1=" " ind2=" ">
    <subfield code="a">5.726</subfield>
    <subfield code="b">2013</subfield>
  </datafield>
  <datafield tag="591" ind1=" " ind2=" ">
    <subfield code="a">ENGINEERING, ELECTRICAL &amp; ELECTRONIC</subfield>
    <subfield code="b">4 / 246 = 0.016</subfield>
    <subfield code="c">2013</subfield>
    <subfield code="d">Q1</subfield>
    <subfield code="e">T1</subfield>
  </datafield>
  <datafield tag="655" ind1=" " ind2="4">
    <subfield code="a">info:eu-repo/semantics/article</subfield>
    <subfield code="v">info:eu-repo/semantics/acceptedVersion</subfield>
  </datafield>
  <datafield tag="700" ind1=" " ind2=" ">
    <subfield code="a">Lucía, Óscar</subfield>
    <subfield code="u">Universidad de Zaragoza</subfield>
    <subfield code="0">(orcid)0000-0002-1284-9007</subfield>
  </datafield>
  <datafield tag="700" ind1=" " ind2=" ">
    <subfield code="a">Mediano, Arturo</subfield>
    <subfield code="u">Universidad de Zaragoza</subfield>
    <subfield code="0">(orcid)0000-0002-4099-9918</subfield>
  </datafield>
  <datafield tag="700" ind1=" " ind2=" ">
    <subfield code="a">Burdío, José Miguel</subfield>
    <subfield code="u">Universidad de Zaragoza</subfield>
    <subfield code="0">(orcid)0000-0002-9655-5531</subfield>
  </datafield>
  <datafield tag="710" ind1="2" ind2=" ">
    <subfield code="1">5008</subfield>
    <subfield code="2">785</subfield>
    <subfield code="a">Universidad de Zaragoza</subfield>
    <subfield code="b">Dpto. Ingeniería Electrón.Com.</subfield>
    <subfield code="c">Área Tecnología Electrónica</subfield>
  </datafield>
  <datafield tag="773" ind1=" " ind2=" ">
    <subfield code="g">28, 3 (2013), 1274-85</subfield>
    <subfield code="p">IEEE trans. power electron.</subfield>
    <subfield code="t">IEEE Transactions on Power Electronics</subfield>
    <subfield code="x">0885-8993</subfield>
  </datafield>
  <datafield tag="856" ind1="4" ind2=" ">
    <subfield code="s">2136494</subfield>
    <subfield code="u">http://zaguan.unizar.es/record/165832/files/texto_completo.pdf</subfield>
    <subfield code="y">Postprint</subfield>
  </datafield>
  <datafield tag="856" ind1="4" ind2=" ">
    <subfield code="s">1358090</subfield>
    <subfield code="u">http://zaguan.unizar.es/record/165832/files/texto_completo.jpg?subformat=icon</subfield>
    <subfield code="x">icon</subfield>
    <subfield code="y">Postprint</subfield>
  </datafield>
  <datafield tag="909" ind1="C" ind2="O">
    <subfield code="o">oai:zaguan.unizar.es:165832</subfield>
    <subfield code="p">articulos</subfield>
    <subfield code="p">driver</subfield>
  </datafield>
  <datafield tag="951" ind1=" " ind2=" ">
    <subfield code="a">2026-01-15-12:36:16</subfield>
  </datafield>
  <datafield tag="980" ind1=" " ind2=" ">
    <subfield code="a">ARTICLE</subfield>
  </datafield>
</record>
</collection>